[Event "VI Memorial Nicola Palladino A"]
[Site "Milano ITA"]
[Date "2014.04.17"]
[Round "1"]
[White "Petrone, Gianmario"]
[Black "Stella, Andrea"]
[WhiteElo "2009"]
[BlackElo "2433"]
[Result "0-1"]
[PlyCount "30"]
[EventDate "2014.04.17"]

1. e4 e6 2. d4 d5 3. exd5 exd5 4. Qf3 Nc6 5. c3 Nf6 6. h3 Ne4 7. Bd3 f5 8. Ne2
Be7 9. c4 dxc4 10. Bxe4 fxe4 11. Qxe4 O-O 12. a3 Bf5 13. Qe3 Bf6 14. Qc3 Bd3
15. Be3 b5 0-1

[Event "VI Memorial Nicola Palladino A"]
[Site "Milano ITA"]
[Date "2014.04.17"]
[Round "1"]
[White "Podetti, Davide"]
[Black "Nicolo', Filippo"]
[WhiteElo "1871"]
[BlackElo "2076"]
[Result "1-0"]
[PlyCount "61"]
[EventDate "2014.04.17"]

1. e4 e5 2. Bc4 Nc6 3. Nc3 Nf6 4. d3 Na5 5. Bb3 Nxb3 6. axb3 Bc5 7. Nf3 d6 8.
Be3 Bxe3 9. fxe3 O-O 10. O-O c6 11. d4 Qe7 12. Qd3 Bg4 13. Nh4 Rfe8 14. Rae1
Rad8 15. Nf5 Bxf5 16. Rxf5 Ng4 17. Ref1 Nh6 18. Rh5 f6 19. Rh3 Nf7 20. Rg3 b5
21. b4 d5 22. exd5 e4 23. Qe2 Qxb4 24. Qg4 g6 25. Nxe4 Rxe4 26. Qxe4 cxd5 27.
Qh4 Qe7 28. Rxf6 Re8 29. Rgf3 Nd6 30. Qg5 Nf5 31. R6xf5 1-0

[Event "VI Memorial Nicola Palladino A"]
[Site "Milano ITA"]
[Date "2014.04.17"]
[Round "1"]
[White "Razzano, Lorenzo"]
[Black "Formento, Paolo"]
[WhiteElo "1997"]
[BlackElo "2204"]
[Result "0-1"]
[PlyCount "42"]
[EventDate "2014.04.17"]

1. e4 e6 2. d4 d5 3. Nc3 Bb4 4. Qd3 Nf6 5. exd5 exd5 6. Bd2 O-O 7. Nge2 b6 8.
g3 c5 9. O-O-O c4 10. Qf3 Bg4 11. Qg2 Bxc3 12. Bxc3 Nc6 13. h3 Bxe2 14. Bxe2 b5
15. f3 b4 16. Be1 Qa5 17. Kb1 Rab8 18. Qf2 Rb6 19. Bd2 Ra6 20. a3 Qa4 21. Qe3
Re8 0-1

[Event "VI Memorial Nicola Palladino A"]
[Site "Milano ITA"]
[Date "2014.04.17"]
[Round "1"]
[White "Vezzosi, Paolo"]
[Black "Cerioni, Armando"]
[WhiteElo "2287"]
[BlackElo "2003"]
[Result "1-0"]
[PlyCount "67"]
[EventDate "2014.04.17"]

1. d4 g6 2. e4 d6 3. Nc3 c6 4. a4 Bg7 5. Be3 Nf6 6. h3 Nbd7 7. Nf3 Qa5 8. Qd2
e5 9. Bd3 exd4 10. Nxd4 Nc5 11. O-O O-O 12. Nb3 Nxb3 13. cxb3 Kh8 14. Bc4 d5
15. exd5 cxd5 16. Be2 Be6 17. Bd4 Qb4 18. Rfd1 Qxb3 19. Bc5 Ne4 20. Nxe4 dxe4
21. Bxf8 Rxf8 22. Rdb1 Rc8 23. Rc1 Rxc1+ 24. Rxc1 h6 25. Bd1 Qxb2 26. Qxb2 Bxb2
27. Rb1 Bd4 28. Rb4 Bf6 29. Rxb7 a5 30. Bc2 Bc3 31. Bxe4 h5 32. Bd3 Kg7 33. Rc7
Bb4 34. Bc4 1-0

[Event "VI Memorial Nicola Palladino A"]
[Site "Milano ITA"]
[Date "2014.04.18"]
[Round "2"]
[White "Baltzopoulos, Giorgos"]
[Black "Vezzosi, Paolo"]
[WhiteElo "2030"]
[BlackElo "2287"]
[Result "0-1"]
[PlyCount "70"]
[EventDate "2014.04.17"]

1. d4 Nf6 2. c4 e6 3. Nc3 Bb4 4. f3 c5 5. d5 b5 6. e4 bxc4 7. Bxc4 Nxd5 8. Bxd5
exd5 9. Qxd5 Nc6 10. Nge2 Ba6 11. Be3 Rb8 12. Rb1 O-O 13. Kf2 Ne7 14. Qg5 f6
15. Qh5 Bxc3 16. Nxc3 Bd3 17. Bxc5 Bxb1 18. Rxb1 g6 19. Qh6 Rb7 20. b4 d6 21.
Rd1 Rd7 22. Qd2 Rf7 23. Nb5 Nc8 24. Nxd6 Nxd6 25. Bxd6 Qb6+ 26. Kf1 Qb5+ 27.
Kg1 Rf8 28. Qd5+ Qxd5 29. Rxd5 Rfd8 30. Be7 Rxd5 31. exd5 Rxd5 32. a4 Kf7 33.
Bc5 a5 34. Kf2 axb4 35. Bxb4 Rd4 0-1

[Event "VI Memorial Nicola Palladino A"]
[Site "Milano ITA"]
[Date "2014.04.18"]
[Round "2"]
[White "Cazzaniga, Walter"]
[Black "Nepi, Ezio"]
[WhiteElo "2128"]
[BlackElo "1959"]
[Result "1-0"]
[PlyCount "55"]
[EventDate "2014.04.17"]

1. d4 d5 2. c4 c6 3. Nc3 Nf6 4. Nf3 e6 5. Bg5 h6 6. Bxf6 Qxf6 7. e3 Nd7 8. Bd3
dxc4 9. Bxc4 g6 10. O-O Bg7 11. Qe2 O-O 12. Rac1 Qe7 13. Bb3 b6 14. Rfd1 Bb7
15. e4 c5 16. d5 Bxc3 17. dxe6 Rad8 18. exf7+ Kg7 19. Rxc3 Qxe4 20. Re3 Qf5 21.
Nh4 Qg5 22. g3 Nf6 23. Rxd8 Rxd8 24. f4 Qh5 25. Re8 Nxe8 26. fxe8=Q Rxe8 27.
Qxe8 Bd5 28. Qd7+ 1-0

[Event "VI Memorial Nicola Palladino A"]
[Site "Milano ITA"]
[Date "2014.04.18"]
[Round "2"]
[White "Cerioni, Armando"]
[Black "Colica, Daniele"]
[WhiteElo "2003"]
[BlackElo "1727"]
[Result "1-0"]
[PlyCount "75"]
[EventDate "2014.04.17"]

1. c4 d5 2. cxd5 Nf6 3. e4 c6 4. dxc6 Nxc6 5. Nc3 e5 6. Bb5 Bd7 7. Nf3 Bd6 8.
d4 Nxd4 9. Nxd4 exd4 10. Bxd7+ Qxd7 11. Qxd4 O-O 12. Bg5 Qc7 13. Bxf6 gxf6 14.
Nd5 Be5 15. Nxc7 Bxd4 16. Nxa8 Rxa8 17. O-O Re8 18. Rfe1 Bxb2 19. Rab1 Bc3 20.
Rec1 Bd2 21. Rd1 Ba5 22. Rxb7 Rxe4 23. Rxa7 Bb6 24. Ra8+ Kg7 25. Kf1 Rf4 26.
Rd2 Be3 27. Re2 Bd4 28. g3 Rf5 29. a4 h5 30. Ra2 h4 31. Kg2 hxg3 32. hxg3 Rg5
33. a5 f5 34. a6 f4 35. a7 fxg3 36. fxg3 Be5 37. Re8 Rxg3+ 38. Kf2 1-0

[Event "VI Memorial Nicola Palladino A"]
[Site "Milano ITA"]
[Date "2014.04.18"]
[Round "2"]
[White "Darvishi, Mahmood"]
[Black "Razzano, Lorenzo"]
[WhiteElo "2051"]
[BlackElo "1997"]
[Result "1-0"]
[PlyCount "67"]
[EventDate "2014.04.17"]

1. e4 c5 2. Nf3 d6 3. d4 cxd4 4. Nxd4 Nf6 5. Nc3 g6 6. Be3 Bg7 7. Be2 O-O 8.
O-O Nc6 9. Kh1 d5 10. Nxc6 bxc6 11. e5 Ne8 12. f4 f6 13. exf6 Nxf6 14. Bd4 Bf5
15. Bf3 Rb8 16. Rb1 Rb4 17. Be5 Ne4 18. a3 Rc4 19. Bxg7 Kxg7 20. Bxe4 dxe4 21.
Qe2 Rd4 22. Rbd1 h6 23. h3 Rxd1 24. Rxd1 Qb8 25. Nxe4 Qxf4 26. Nc5 e5 27. Rf1
Qh4 28. Qxe5+ Qf6 29. Ne6+ Kg8 30. Qxf6 Rxf6 31. Nd4 Kf7 32. Kg1 Be4 33. b4 h5
34. c3 1-0

[Event "VI Memorial Nicola Palladino A"]
[Site "Milano ITA"]
[Date "2014.04.18"]
[Round "2"]
[White "Formento, Paolo"]
[Black "Podetti, Davide"]
[WhiteElo "2204"]
[BlackElo "1871"]
[Result "1-0"]
[PlyCount "121"]
[EventDate "2014.04.17"]

1. e4 e5 2. Nf3 Nc6 3. Nc3 Nf6 4. Bb5 Bb4 5. O-O O-O 6. d3 d6 7. Bg5 Bxc3 8.
bxc3 Ne7 9. Nh4 c6 10. Ba4 Ng6 11. Nf5 h6 12. Be3 Qa5 13. Bb3 d5 14. Qf3 Bxf5
15. exf5 Ne7 16. g4 Qxc3 17. Rad1 e4 18. Qg2 Qe5 19. f4 exf3 20. Rxf3 Nh7 21.
h4 Rfe8 22. Qf2 Qc7 23. Bd4 f6 24. Re1 Rad8 25. Bxa7 Nc8 26. Be3 Re7 27. Bf4
Rxe1+ 28. Qxe1 Qf7 29. Re3 h5 30. Qe2 hxg4 31. Qxg4 Re8 32. Rg3 Kh8 33. Qg6
Qxg6 34. fxg6 Nf8 35. h5 Ne6 36. Re3 Re7 37. Bg3 Nd4 38. Kf2 Kg8 39. Rxe7 Nxe7
40. Bd6 Nef5 41. Bc5 Ne6 42. Be3 Kf8 43. c3 Ke7 44. Bc1 Kd6 45. Bd1 Ne7 46. Kg3
f5 47. Bf4+ Nxf4 48. Kxf4 Ke6 49. Kg5 d4 50. cxd4 Kd5 51. h6 gxh6+ 52. Kxh6 f4
53. Kg5 Nxg6 54. Kxg6 Kxd4 55. Kf5 Ke3 56. Ke5 f3 57. Bxf3 Kxf3 58. Kd4 Kf4 59.
a4 Kf5 60. Kc5 Ke5 61. a5 1-0

[Event "VI Memorial Nicola Palladino A"]
[Site "Milano ITA"]
[Date "2014.04.18"]
[Round "2"]
[White "Nicolo', Filippo"]
[Black "Girgenti, Giuseppe"]
[WhiteElo "2076"]
[BlackElo "1935"]
[Result "1/2-1/2"]
[PlyCount "84"]
[EventDate "2014.04.17"]

1. e4 e5 2. Nf3 Nc6 3. Bc4 Nf6 4. d3 Bc5 5. c3 h6 6. h3 d6 7. Bb3 Bd7 8. Nbd2
a6 9. Nf1 Ne7 10. Be3 Bxe3 11. Nxe3 Qc8 12. Nh4 Be6 13. Qf3 Qd7 14. Nhf5 Nxf5
15. exf5 Bxb3 16. Qxb7 O-O 17. Qxb3 Rab8 18. Qc2 d5 19. g4 d4 20. Nc4 dxc3 21.
bxc3 Qd5 22. O-O Qf3 23. Nxe5 Qxh3 24. Qe2 Rfe8 25. Rfe1 Rbd8 26. f3 Qg3+ 27.
Qg2 Qf4 28. d4 Rc8 29. Nc6 Qd6 30. Ne5 c5 31. Rad1 cxd4 32. cxd4 Nd5 33. Qd2 f6
34. Kg2 fxe5 35. dxe5 Rxe5 36. Rxe5 Qxe5 37. Qxd5+ Qxd5 38. Rxd5 Rc2+ 39. Kg3
Rxa2 40. Rd7 a5 41. f4 a4 42. g5 hxg5 1/2-1/2

[Event "VI Memorial Nicola Palladino A"]
[Site "Milano ITA"]
[Date "2014.04.18"]
[Round "2"]
[White "Quagliarella, Sabino Remo"]
[Black "Gonella, Daniele"]
[WhiteElo "1863"]
[BlackElo "2143"]
[Result "0-1"]
[PlyCount "108"]
[EventDate "2014.04.17"]

1. d4 Nf6 2. c4 g6 3. g3 Bg7 4. Bg2 d5 5. Nc3 e6 6. Nf3 O-O 7. O-O Nc6 8. b3
Ne4 9. Bb2 Qe7 10. cxd5 Nxc3 11. Bxc3 exd5 12. e3 Bf5 13. Qd2 Rfe8 14. Ne5 Nxe5
15. dxe5 Bxe5 16. Bxe5 Qxe5 17. Qxd5 Qxd5 18. Bxd5 c6 19. Bf3 Rad8 20. Rfd1 Bc2
21. Rd4 Rxd4 22. exd4 Rd8 23. Rc1 Bf5 24. Rc4 Kf8 25. Ra4 a6 26. Rb4 Rd7 27.
Kg2 Ke7 28. h3 Kd6 29. Rc4 Be6 30. Rc5 Kc7 31. d5 Bxd5 32. Bxd5 Rxd5 33. Rc2
Kd6 34. h4 c5 35. Kf3 b5 36. Ke3 Rd4 37. f3 h5 38. a3 Kd5 39. Rc1 f6 40. Rc3 a5
41. Rc2 a4 42. Rb2 axb3 43. Rxb3 Kc4 44. Rb1 Rd3+ 45. Ke4 Rxa3 46. g4 b4 47.
Rd1 b3 48. gxh5 gxh5 49. Rc1+ Kb4 50. Kd5 b2 51. Rb1 Rd3+ 52. Ke4 Rd2 53. Ke3
Rh2 54. Kd3 c4+ 0-1

[Event "VI Memorial Nicola Palladino A"]
[Site "Milano ITA"]
[Date "2014.04.18"]
[Round "2"]
[White "Scagliotti, Guglielmo"]
[Black "Petrone, Gianmario"]
[WhiteElo "1896"]
[BlackElo "2009"]
[Result "1/2-1/2"]
[PlyCount "38"]
[EventDate "2014.04.17"]

1. e4 c5 2. Nf3 d6 3. d4 cxd4 4. Nxd4 Nf6 5. Nc3 a6 6. h3 e6 7. g4 d5 8. e5 Ne4
9. Nxe4 dxe4 10. Bf4 g5 11. Bg3 Bg7 12. Bg2 Nd7 13. Qe2 Qa5+ 14. c3 Nxe5 15.
Qxe4 Bd7 16. Nb3 Qb5 17. Bxe5 Bc6 18. Qe3 Bxe5 19. Bxc6+ bxc6 1/2-1/2

[Event "VI Memorial Nicola Palladino A"]
[Site "Milano ITA"]
[Date "2014.04.18"]
[Round "2"]
[White "Stella, Andrea"]
[Black "Pelizzola, Danilo"]
[WhiteElo "2433"]
[BlackElo "2120"]
[Result "1-0"]
[PlyCount "57"]
[EventDate "2014.04.17"]

1. Nf3 Nf6 2. c4 e6 3. g3 b6 4. Bg2 Bb7 5. O-O c5 6. Nc3 d6 7. d4 Be7 8. d5
exd5 9. cxd5 O-O 10. Nh4 g6 11. e4 Nfd7 12. Nf3 a6 13. a4 Re8 14. Bf4 Bf8 15.
Re1 Ne5 16. Nxe5 dxe5 17. Be3 Nd7 18. f4 Bd6 19. f5 g5 20. f6 Qxf6 21. Qg4 Bc8
22. Rf1 Qg7 23. Qxg5 c4 24. Qxg7+ Kxg7 25. Rf2 Nc5 26. Raf1 Ra7 27. a5 b5 28.
Rf6 Bf8 29. d6 1-0

[Event "VI Memorial Nicola Palladino A"]
[Site "Milano ITA"]
[Date "2014.04.19"]
[Round "3"]
[White "Cazzaniga, Walter"]
[Black "Formento, Paolo"]
[WhiteElo "2128"]
[BlackElo "2204"]
[Result "1/2-1/2"]
[PlyCount "100"]
[EventDate "2014.04.17"]

1. d4 Nf6 2. c4 g6 3. Nc3 d5 4. Nf3 Bg7 5. Qb3 dxc4 6. Qxc4 O-O 7. e4 Nc6 8.
Be2 Bg4 9. Be3 Bxf3 10. Bxf3 e5 11. d5 Nd4 12. O-O-O Nxf3 13. gxf3 Ne8 14. Kb1
Nd6 15. Qe2 Qd7 16. h4 h5 17. Rc1 Rfb8 18. Rc2 b5 19. Nd1 a5 20. Bc5 Nb7 21.
Be3 a4 22. f4 exf4 23. Bxf4 Nd6 24. f3 b4 25. Bxd6 Qxd6 26. Rc6 Qe5 27. Ne3 a3
28. Nc4 Qg3 29. b3 Re8 30. Qe3 Rad8 31. Qd3 Kh8 32. Rd1 Qxh4 33. Rxc7 Qf6 34.
Kc2 Qf4 35. Rc6 h4 36. Qe3 Qg3 37. d6 h3 38. Qe2 f5 39. d7 Rxe4 40. Qf1 Rd4 41.
Rc8 Qh4 42. Rxd8+ Qxd8 43. Qxh3+ Kg8 44. Rxd4 Bxd4 45. Qh6 Qxd7 46. Qxg6+ Bg7
47. Qd6 Qb5 48. Qe6+ Kh7 49. Qe8 Qc5 50. Qd7 f4 1/2-1/2

[Event "VI Memorial Nicola Palladino A"]
[Site "Milano ITA"]
[Date "2014.04.19"]
[Round "3"]
[White "Colica, Daniele"]
[Black "Razzano, Lorenzo"]
[WhiteElo "1727"]
[BlackElo "1997"]
[Result "0-1"]
[PlyCount "108"]
[EventDate "2014.04.17"]

1. Nf3 c5 2. b3 Nf6 3. Bb2 g6 4. e3 Bg7 5. Be2 Nc6 6. O-O O-O 7. d4 Ne4 8. Nbd2
d5 9. c4 cxd4 10. exd4 e6 11. a3 b6 12. Qc2 Nxd2 13. Qxd2 Na5 14. Qc2 Ba6 15.
Nd2 Rc8 16. Rac1 dxc4 17. bxc4 Bxd4 18. Rfd1 Bxb2 19. Qxb2 Qh4 20. Nf3 Qe7 21.
Ne5 Nc6 22. Nd7 e5 23. Nxf8 Rxf8 24. Rd5 Nd4 25. f4 Nxe2+ 26. Qxe2 Qxa3 27. Rf1
exf4 28. Rxf4 Qc1+ 29. Qf1 Qxf1+ 30. Kxf1 Rc8 31. Ke1 Bxc4 32. Rd7 a5 33. Rfd4
Kg7 34. Rd8 Rc5 35. Kd2 b5 36. Ra8 a4 37. Ra7 Bb3 38. Rdd7 Rc2+ 39. Ke3 Rxg2
40. Rd2 Rxd2 41. Kxd2 g5 42. Kc3 Bc4 43. Rc7 a3 44. Rc5 Kg6 45. Rc6+ f6 46. Rb6
a2 47. Kb2 g4 48. Rb8 h5 49. Rb6 h4 50. Rd6 Kg5 51. Rd7 g3 52. hxg3 hxg3 53.
Rc7 Kg4 54. Rg7+ Kf3 0-1

[Event "VI Memorial Nicola Palladino A"]
[Site "Milano ITA"]
[Date "2014.04.19"]
[Round "3"]
[White "Girgenti, Giuseppe"]
[Black "Scagliotti, Guglielmo"]
[WhiteElo "1935"]
[BlackElo "1896"]
[Result "1-0"]
[PlyCount "97"]
[EventDate "2014.04.17"]

1. d4 f5 2. c4 g6 3. Nc3 Nf6 4. Bg5 Bg7 5. Nf3 d6 6. e3 c6 7. Be2 Nbd7 8. Qc2
O-O 9. O-O e5 10. dxe5 dxe5 11. e4 f4 12. b4 h6 13. Bxf6 Qxf6 14. c5 Re8 15.
Rad1 Nf8 16. Rd6 Be6 17. Rfd1 Rad8 18. Bc4 Rxd6 19. Rxd6 Qf7 20. Bxe6 Nxe6 21.
Ne2 g5 22. h3 Bf6 23. Qb3 h5 24. Nh2 Kg7 25. g4 h4 26. Nf3 Nc7 27. Qxf7+ Kxf7
28. Nc3 Ke7 29. Nd2 Rd8 30. Nc4 Ne8 31. Rxd8 Kxd8 32. f3 Kd7 33. Kf2 Ke6 34.
Na5 b6 35. Nxc6 bxc5 36. bxc5 Be7 37. Nxe7 Kxe7 38. Ke2 Kd7 39. Kd3 Kc6 40. Kc4
Nc7 41. Nd5 Ne6 42. Nb4+ Kc7 43. Nd3 Nd4 44. Nxe5 Ne2 45. Nf7 Ng1 46. Nxg5 Kc6
47. e5 a6 48. e6 a5 49. a4 1-0

[Event "VI Memorial Nicola Palladino A"]
[Site "Milano ITA"]
[Date "2014.04.19"]
[Round "3"]
[White "Gonella, Daniele"]
[Black "Cerioni, Armando"]
[WhiteElo "2143"]
[BlackElo "2003"]
[Result "1/2-1/2"]
[PlyCount "120"]
[EventDate "2014.04.17"]

1. e4 e6 2. d4 d5 3. Nc3 dxe4 4. Nxe4 Bd7 5. Nf3 Bc6 6. Bd3 Nd7 7. O-O Ngf6 8.
Qe2 Bxe4 9. Bxe4 Nxe4 10. Qxe4 c6 11. Ne5 Nxe5 12. dxe5 Qd5 13. Qe2 Be7 14. Rd1
Qa5 15. Bf4 Qc7 16. Qg4 O-O 17. Rd3 Rfd8 18. Rh3 g6 19. Re1 Rd5 20. Rhe3 Qd8
21. Re4 Qf8 22. Be3 b6 23. c4 Rd7 24. h4 Rad8 25. h5 Bb4 26. Rf1 Bd2 27. hxg6
hxg6 28. Qh4 Bxe3 29. Rxe3 Rd4 30. g4 R8d7 31. b3 Qd8 32. Qxd8+ Rxd8 33. f3 Kg7
34. Re2 a5 35. Rc1 Rd1+ 36. Rxd1 Rxd1+ 37. Kf2 Ra1 38. Rd2 Kf8 39. Ke3 Ke7 40.
Rd6 b5 41. Rxc6 bxc4 42. Rxc4 Rxa2 43. Rc7+ Ke8 44. Kf4 Rb2 45. Rb7 a4 46. b4
a3 47. Kg5 a2 48. Ra7 Rxb4 49. Rxa2 Ke7 50. f4 Rc4 51. Ra7+ Ke8 52. Rb7 Ra4 53.
Rb6 Ke7 54. Rb7+ Ke8 55. f5 exf5 56. Kf6 Ra6+ 57. Kg7 fxg4 58. Rxf7 g3 59. Rf8+
Ke7 60. Rf7+ Ke8 1/2-1/2

[Event "VI Memorial Nicola Palladino A"]
[Site "Milano ITA"]
[Date "2014.04.19"]
[Round "3"]
[White "Pelizzola, Danilo"]
[Black "Quagliarella, Sabino Remo"]
[WhiteElo "2120"]
[BlackElo "1863"]
[Result "1-0"]
[PlyCount "125"]
[EventDate "2014.04.17"]

1. e4 c5 2. Nf3 Nc6 3. d4 cxd4 4. Nxd4 a6 5. Nc3 Nf6 6. Be2 d6 7. O-O g6 8. Be3
Bg7 9. Qd2 O-O 10. f3 Bd7 11. Nb3 Rc8 12. Na4 Be6 13. Nb6 Rb8 14. Rad1 Nd7 15.
Nxd7 Bxd7 16. c3 Qc7 17. f4 Be6 18. f5 Bxb3 19. axb3 Ne5 20. Bd4 b5 21. h4 h6
22. Bxe5 dxe5 23. fxg6 Qb6+ 24. Kh2 Qxg6 25. Qe3 Rbd8 26. g3 Rd6 27. Rxd6 exd6
28. Qd3 Qe6 29. b4 Rc8 30. Rf2 Rc7 31. Bf1 Qa2 32. Rd2 Bf8 33. Bh3 Qc4 34. Qf3
Qc6 35. Bf5 Qb6 36. Rg2 a5 37. bxa5 Qxa5 38. g4 d5 39. g5 dxe4 40. Bxe4 Qb6 41.
Qf5 Bg7 42. h5 Kf8 43. Rg3 Qd6 44. Rd3 Qe7 45. g6 Qh4+ 46. Kg2 Bf6 47. Bf3 b4
48. Bg4 Qg5 49. Qxg5 Bxg5 50. Kf3 fxg6 51. hxg6 Kg7 52. Bf5 Bc1 53. cxb4 Bxb2
54. b5 Bd4 55. Ke4 Rb7 56. Rb3 Rb6 57. Kd5 Kf6 58. Be4 Kg7 59. Rb1 Rf6 60. Rc1
Rb6 61. Rc7+ Kg8 62. Kc4 Rf6 63. Bd5+ 1-0

[Event "VI Memorial Nicola Palladino A"]
[Site "Milano ITA"]
[Date "2014.04.19"]
[Round "3"]
[White "Petrone, Gianmario"]
[Black "Nicolo', Filippo"]
[WhiteElo "2009"]
[BlackElo "2076"]
[Result "1/2-1/2"]
[PlyCount "34"]
[EventDate "2014.04.17"]

1. e4 e5 2. Nf3 Nc6 3. Bb5 a6 4. Ba4 Nf6 5. Nc3 b5 6. Bb3 Bc5 7. d3 d6 8. Nd5
h6 9. Nxf6+ Qxf6 10. Bd5 Bd7 11. Be3 Rb8 12. Bxc5 dxc5 13. Bxc6 Bxc6 14. Nd2
O-O 15. O-O Rbd8 16. Qe2 Qd6 17. Rad1 Qd4 1/2-1/2

[Event "VI Memorial Nicola Palladino A"]
[Site "Milano ITA"]
[Date "2014.04.19"]
[Round "3"]
[White "Podetti, Davide"]
[Black "Baltzopoulos, Giorgos"]
[WhiteElo "1871"]
[BlackElo "2030"]
[Result "1/2-1/2"]
[PlyCount "75"]
[EventDate "2014.04.17"]

1. e4 c5 2. Nc3 Nc6 3. f4 g6 4. Nf3 Bg7 5. g3 d6 6. Bg2 e6 7. O-O Nge7 8. d3
O-O 9. Be3 b6 10. d4 Ba6 11. Re1 Rb8 12. Rb1 Qd7 13. dxc5 bxc5 14. e5 Nf5 15.
Bxc5 Rfd8 16. exd6 Nxd6 17. Qxd6 Qxd6 18. Bxd6 Rxd6 19. Ne4 Rd5 20. b3 Nb4 21.
Red1 Nxc2 22. Rxd5 exd5 23. Nc5 Bc8 24. Rc1 Ne3 25. Nd3 Bf5 26. Nde5 f6 27. Nc6
Re8 28. Nfd4 Bd7 29. Bf3 Bf8 30. Nxa7 Bd6 31. Nab5 Bb8 32. a4 g5 33. fxg5 fxg5
34. Kf2 Ng4+ 35. Kg2 Ne3+ 36. Kf2 Ng4+ 37. Kg2 Ne3+ 38. Kf2 1/2-1/2

[Event "VI Memorial Nicola Palladino A"]
[Site "Milano ITA"]
[Date "2014.04.19"]
[Round "3"]
[White "Vezzosi, Paolo"]
[Black "Stella, Andrea"]
[WhiteElo "2287"]
[BlackElo "2433"]
[Result "1/2-1/2"]
[PlyCount "32"]
[EventDate "2014.04.17"]

1. d4 Nf6 2. Nf3 g6 3. Nc3 d5 4. Bf4 Bg7 5. e3 O-O 6. Be2 c5 7. O-O cxd4 8.
exd4 Nc6 9. Ne5 Qb6 10. Nxc6 Qxc6 11. Re1 Be6 12. Be5 Ne4 13. Nxe4 Bxe5 14. Ng5
Bf6 15. Nxe6 Qxe6 16. c3 Qd6 1/2-1/2

[Event "VI Memorial Nicola Palladino A"]
[Site "Milano ITA"]
[Date "2014.04.19"]
[Round "4"]
[White "Baltzopoulos, Giorgos"]
[Black "Girgenti, Giuseppe"]
[WhiteElo "2030"]
[BlackElo "1935"]
[Result "1/2-1/2"]
[PlyCount "64"]
[EventDate "2014.04.17"]

1. d4 d5 2. c4 c6 3. Nf3 Nf6 4. Nc3 e6 5. e3 Nbd7 6. Qc2 Bd6 7. g4 dxc4 8. Bxc4
Nd5 9. Bd2 b5 10. Nxd5 exd5 11. Bxd5 cxd5 12. Qc6 Qf6 13. Ne5 Rb8 14. Rc1 Bxe5
15. Qxc8+ Rxc8 16. Rxc8+ Ke7 17. dxe5 Nxe5 18. Rxh8 Qf3 19. O-O Qxg4+ 20. Kh1
Qh3 21. Bb4+ Kf6 22. Rg1 Qf3+ 23. Rg2 Nd3 24. Bc3+ Ke7 25. Rxh7 d4 26. Bxd4 Ne1
27. Rhxg7 Nxg2 28. Rxg2 a5 29. a3 a4 30. h4 Qh3+ 31. Kg1 Qxh4 32. Rg3 Qe4
1/2-1/2

[Event "VI Memorial Nicola Palladino A"]
[Site "Milano ITA"]
[Date "2014.04.19"]
[Round "4"]
[White "Formento, Paolo"]
[Black "Vezzosi, Paolo"]
[WhiteElo "2204"]
[BlackElo "2287"]
[Result "1/2-1/2"]
[PlyCount "92"]
[EventDate "2014.04.17"]

1. Nf3 Nf6 2. g3 d5 3. Bg2 c6 4. O-O Bf5 5. d4 e6 6. c4 Nbd7 7. Qb3 Qb6 8. c5
Qa6 9. Nc3 Be7 10. Nh4 O-O 11. f3 b6 12. e4 Bg6 13. exd5 Nxd5 14. Nxg6 hxg6 15.
Nxd5 cxd5 16. cxb6 Rab8 17. Rd1 Rxb6 18. Qd3 Qxd3 19. Rxd3 Bf6 20. b3 Rc8 21.
Bb2 Rc2 22. Rb1 Nb8 23. Kf1 Nc6 24. Rdd1 g5 25. g4 g6 26. Rdc1 Rxc1+ 27. Rxc1
Bxd4 28. Rxc6 Bxb2 29. Rxb6 axb6 30. Ke1 Kf8 31. Bf1 f5 32. h3 Ke7 33. Bb5 Ba3
34. Ke2 Bc5 35. Bc6 Bg1 36. Kf1 Bc5 37. Ke2 Kf6 38. Bb7 Ke5 39. Bc8 Kd6 40. Kd3
f4 41. a4 Bb4 42. Ke2 e5 43. Kd3 Bc5 44. Bb7 Bf2 45. Ba8 Kc5 46. Bb7 Bg1
1/2-1/2

[Event "VI Memorial Nicola Palladino A"]
[Site "Milano ITA"]
[Date "2014.04.19"]
[Round "4"]
[White "Nicolo', Filippo"]
[Black "Gonella, Daniele"]
[WhiteElo "2076"]
[BlackElo "2143"]
[Result "0-1"]
[PlyCount "92"]
[EventDate "2014.04.17"]

1. e4 c5 2. Nc3 Nc6 3. Bb5 e6 4. Bxc6 bxc6 5. d3 d5 6. Nf3 Nf6 7. O-O Be7 8. b3
O-O 9. Bb2 Rb8 10. Rb1 Ba6 11. Qe2 Qc7 12. Nd2 Bd6 13. h3 Rfd8 14. Na4 Nd7 15.
c4 Bf4 16. Nf3 d4 17. Rbe1 e5 18. g3 Bh6 19. Nh2 Bb5 20. h4 Bxa4 21. bxa4 g6
22. Ng4 Bg7 23. Bc1 Nf8 24. f4 h5 25. Nxe5 Bxe5 26. fxe5 Ne6 27. Qf3 Rd7 28. g4
hxg4 29. Qxg4 Qxe5 30. Re2 Rb1 31. Rg2 Rd6 32. h5 Ng7 33. Bf4 Rxf1+ 34. Kxf1
Rf6 35. Rf2 Qxh5 36. Qxh5 gxh5 37. a5 Ne6 38. Bd6 Rxf2+ 39. Kxf2 a6 40. Kg3 Kh7
41. Kh4 Kg6 42. Bg3 f5 43. exf5+ Kxf5 44. Bd6 Nf4 45. Bxc5 Ke5 46. Bf8 Ng6+ 0-1

[Event "VI Memorial Nicola Palladino A"]
[Site "Milano ITA"]
[Date "2014.04.19"]
[Round "4"]
[White "Pelizzola, Danilo"]
[Black "Darvishi, Mahmood"]
[WhiteElo "2120"]
[BlackElo "2051"]
[Result "1/2-1/2"]
[PlyCount "57"]
[EventDate "2014.04.17"]

1. e4 c5 2. Nf3 Nc6 3. d4 cxd4 4. Nxd4 Nf6 5. Nc3 e5 6. Ndb5 d6 7. Nd5 Nxd5 8.
exd5 Nb8 9. c4 Be7 10. Be2 O-O 11. O-O a6 12. Nc3 Nd7 13. Kh1 f5 14. f4 Bf6 15.
Be3 b6 16. Rc1 exf4 17. Bxf4 Ne5 18. Qd2 Kh8 19. Be3 g5 20. b4 f4 21. Bd4 a5
22. a3 axb4 23. axb4 Bf5 24. Nb5 Be4 25. Nc3 Bg6 26. Nb5 Be4 27. Nc3 Bg6 28.
Nb5 Be4 29. Nc3 1/2-1/2

[Event "VI Memorial Nicola Palladino A"]
[Site "Milano ITA"]
[Date "2014.04.19"]
[Round "4"]
[White "Quagliarella, Sabino Remo"]
[Black "Petrone, Gianmario"]
[WhiteElo "1863"]
[BlackElo "2009"]
[Result "0-1"]
[PlyCount "84"]
[EventDate "2014.04.17"]

1. e4 c5 2. Nf3 d6 3. d4 cxd4 4. Nxd4 Nf6 5. Nc3 a6 6. Be2 e5 7. Nb3 Be7 8. Be3
O-O 9. f3 Be6 10. Qd2 b5 11. Nd5 Nxd5 12. exd5 Bf5 13. Bd3 Bxd3 14. Qxd3 Bg5
15. O-O Bxe3+ 16. Qxe3 Nd7 17. c3 Nb6 18. Rfd1 Nc4 19. Qf2 Re8 20. a4 Qb8 21.
a5 Qc7 22. Re1 Qb7 23. Rad1 Qc7 24. Ra1 f5 25. Re2 f4 26. g3 Rf8 27. g4 Ne3 28.
Nd2 Nxd5 29. Nf1 Ne7 30. Rd2 Rfd8 31. Qb6 Qc5+ 32. Kg2 Qxb6 33. axb6 d5 34. Re1
Nc6 35. Red1 d4 36. cxd4 Nxd4 37. Re1 Rd5 38. Ra1 Kf7 39. Rdd1 Kg8 40. Re1 Nc2
41. Rac1 Nxe1+ 42. Rxe1 Rc8 0-1

[Event "VI Memorial Nicola Palladino A"]
[Site "Milano ITA"]
[Date "2014.04.19"]
[Round "4"]
[White "Scagliotti, Guglielmo"]
[Black "Colica, Daniele"]
[WhiteElo "1896"]
[BlackElo "1727"]
[Result "1-0"]
[PlyCount "117"]
[EventDate "2014.04.17"]

1. e4 d5 2. exd5 Nf6 3. Bb5+ Nbd7 4. c4 a6 5. Bxd7+ Bxd7 6. Ne2 e6 7. dxe6 Bxe6
8. b3 Qd3 9. O-O O-O-O 10. Nf4 Qd4 11. Nxe6 fxe6 12. Nc3 Bb4 13. Qe2 e5 14. Bb2
Qxd2 15. Rad1 Qxe2 16. Nxe2 Rhe8 17. Ng3 Rd2 18. Rxd2 Bxd2 19. Rd1 Bf4 20. Ne2
Bh6 21. Nc3 g6 22. Nd5 Nxd5 23. Rxd5 Bg7 24. f4 c6 25. Rd1 Re7 26. Re1 Kd7 27.
fxe5 Ke6 28. g4 Rd7 29. Re2 Bh6 30. Kf2 Rd3 31. Kg2 Bf4 32. Rf2 g5 33. Re2 Rd2
34. Rxd2 Bxd2 35. Kf3 Bf4 36. h4 h6 37. hxg5 hxg5 38. Ke4 Bd2 39. a4 Bf4 40.
Bc3 Bc1 41. b4 Bf4 42. b5 axb5 43. cxb5 cxb5 44. axb5 Bc1 45. Kd4 Ba3 46. Ke4
Bc1 47. Bb4 Bf4 48. Bc3 Bc1 49. Bd4 Bf4 50. Bb2 Bd2 51. Kd4 Bb4 52. Bc1 Be7 53.
Ke4 Bd8 54. Be3 Be7 55. b6 Bd8 56. Bc5 Kd7 57. Kd5 Ke8 58. Ke6 Bc7 59. bxc7 1-0